Нуклидная кинетика с участием ядер гафния и гадолиния, находящихся в долгоживущих изомерных состояниях; Краткие сообщения по физике Физического института им. П. Н. Лебедева Российской Академии Наук; Т. 44, № 7
| Parent link: | Краткие сообщения по физике Физического института им. П. Н. Лебедева Российской Академии Наук Т. 44, № 7.— 2017.— [С. 36-42] |
|---|---|
| Main Author: | |
| Corporate Author: | |
| Other Authors: | |
| Summary: | Заглавие с экрана Показана возможность накопления избыточной энергии в материалах - поглотителях нейтронов за счет перехода ядер атомов материалов в изомерные состояния при радиационных захватах нейтронов ядрами стабиль- ного изотопа с меньшей массой. Получено соотношение, позволяющее проводить оценки параметров нуклидной кинетики - процессов захвата нейтронов ядрами, обра- зования и распада изомерных состояний ядер. Режим доступа: по договору с организацией-держателем ресурса |
| Language: | Russian |
| Published: |
2017
|
| Subjects: | |
| Online Access: | https://elibrary.ru/item.asp?id=29846784 |
| Format: | Electronic Book Chapter |
| KOHA link: | https://koha.lib.tpu.ru/cgi-bin/koha/opac-detail.pl?biblionumber=655964 |
MARC
| LEADER | 00000naa0a2200000 4500 | ||
|---|---|---|---|
| 001 | 655964 | ||
| 005 | 20250512134356.0 | ||
| 035 | |a (RuTPU)RU\TPU\network\22304 | ||
| 090 | |a 655964 | ||
| 100 | |a 20171016d2017 k||y0rusy50 ca | ||
| 101 | 0 | |a rus | |
| 102 | |a RU | ||
| 135 | |a drcn ---uucaa | ||
| 181 | 0 | |a i | |
| 182 | 0 | |a b | |
| 200 | 1 | |a Нуклидная кинетика с участием ядер гафния и гадолиния, находящихся в долгоживущих изомерных состояниях |f И. В. Шаманин, М. А. Казарян | |
| 203 | |a Текст |c электронный | ||
| 300 | |a Заглавие с экрана | ||
| 320 | |a [Библиогр.: с. 52 (4 назв.)] | ||
| 330 | |a Показана возможность накопления избыточной энергии в материалах - поглотителях нейтронов за счет перехода ядер атомов материалов в изомерные состояния при радиационных захватах нейтронов ядрами стабиль- ного изотопа с меньшей массой. Получено соотношение, позволяющее проводить оценки параметров нуклидной кинетики - процессов захвата нейтронов ядрами, обра- зования и распада изомерных состояний ядер. | ||
| 333 | |a Режим доступа: по договору с организацией-держателем ресурса | ||
| 461 | |t Краткие сообщения по физике Физического института им. П. Н. Лебедева Российской Академии Наук | ||
| 463 | |t Т. 44, № 7 |v [С. 36-42] |d 2017 | ||
| 610 | 1 | |a электронный ресурс | |
| 610 | 1 | |a труды учёных ТПУ | |
| 610 | 1 | |a нуклидная кинетика | |
| 610 | 1 | |a гафний | |
| 610 | 1 | |a гадолиний | |
| 610 | 1 | |a нейтроны | |
| 610 | 1 | |a изотопический состав | |
| 610 | 1 | |a кванты | |
| 700 | 1 | |a Шаманин |b И. В. |c российский физик-ядерщик, специалист в области атомной энергетики |c профессор Томского политехнического университета, доктор физико-математических наук |f 1962- |g Игорь Владимирович |3 (RuTPU)RU\TPU\pers\22022 | |
| 701 | 1 | |a Казарян |b М. А. |c физик |c профессор, ведущий научный сотрудник Физического института им. П. Н. Лебедева РАН |f 1948- |g Мишик Айразатович |3 (RuTPU)RU\TPU\pers\17155 |9 6294 | |
| 712 | 0 | 2 | |a Национальный исследовательский Томский политехнический университет |c (2009- ) |9 26305 |
| 801 | 2 | |a RU |b 63413507 |c 20171016 |g RCR | |
| 850 | |a 63413507 | ||
| 856 | 4 | |u https://elibrary.ru/item.asp?id=29846784 | |
| 942 | |c CF | ||